| 000 | 00485 a2200181 4500 | ||
|---|---|---|---|
| 003 | OSt | ||
| 005 | 20231121140206.0 | ||
| 008 | 231121b |||||||| |||| 00| 0 eng d | ||
| 020 | _a8125917152 | ||
| 040 | _coclc | ||
| 082 |
_a580 _bPAN/T |
||
| 100 |
_aPandey, S N _92549 |
||
| 245 |
_aText Book of Botany volume I / _cS N Pandey, P S Trivedi |
||
| 250 | _a11th ed. | ||
| 260 |
_bVikas, _c2005. |
||
| 300 | _a752p | ||
| 942 |
_2ddc _cBK _h580 _iPAN/T _k580 _mPAN/T |
||
| 999 |
_c43672 _d43672 |
||